| 000 | 00680nam a2200217 a 4500 | ||
|---|---|---|---|
| 001 | 18867 | ||
| 003 | CO-ViMGA | ||
| 008 | 141112s2004 ck r 000 u spa d | ||
| 020 | _a848019524X | ||
| 040 |
_aCO-ViMGA _bspa _cCO-ViMGA |
||
| 082 | 0 | 4 | _a796.07 P456 |
| 100 | 1 |
_aPinos Quilez, Martín _926958 |
|
| 245 | 1 | 0 |
_aJuegos de Aventura : _bjuegos innovadores para Educación Física y tiempo libre |
| 260 |
_aBarcelona : _bPaidotribo; 2001 |
||
| 300 | _a163 p. il. | ||
| 590 | _aForma de adquisición : Premio Mincultura | ||
| 650 | 1 | 4 |
_aDEPORTES - TIEMPO LIBRE _926959 |
| 650 | 1 | 4 |
_aeducación FISICA PARA NIÑOS _9381 |
| 650 | 1 | 4 |
_aJUEGOS PARA NIÑOS _926960 |
| 942 |
_2ddc _cBK |
||
| 999 |
_c28094 _d28094 |
||